Air et les songes : essai sur pimagination du mouvement
محفوظ في:
| المؤلف الرئيسي: | |
|---|---|
| التنسيق: | غير معروف |
| اللغة: | French |
| منشور في: |
Paris:
José Corti,
1943
|
| الموضوعات: | |
| الوسوم: |
إضافة وسم
لا توجد وسوم, كن أول من يضع وسما على هذه التسجيلة!
|
MARC
| LEADER | 000000000a22000000004500 | ||
|---|---|---|---|
| 001 | 001072 | ||
| 008 | 170622b fre||||| |||| 00| 0 fre d | ||
| 040 | |a CIICLA - UCR | ||
| 041 | 0 | |a francés | |
| 082 | |a 153.35 |b B136a | ||
| 100 | 1 | |a Bachelard, Gaston, |d 1884-1962 | |
| 245 | 1 | 0 | |a Air et les songes : |b essai sur pimagination du mouvement |
| 260 | |a Paris: |b José Corti, |c 1943 | ||
| 300 | |a 306 páginas | ||
| 500 | |a Número de editor: 512 | ||
| 650 | 4 | |a IMAGINACION | |
| 650 | 4 | |a PSICOMOTRICIDAD | |
| 942 | |2 ddc |c BK | ||
| 999 | |c 2190 |d 2190 | ||
